Minería transnacional y dispositivos de intervención en la cultura. La gestión del paradigma hegemónico de la "minería responsable el desarrollo sustentable" /

Na minha lista:
Detalhes bibliográficos
Autor principal: Antonellim, Mirtha Alejandra
Formato: Texto
Publicado em: Buenos Aires: Biblos
Tags: Adicionar Tag
Sem tags, seja o primeiro a adicionar uma tag!

MARC

LEADER 00000 a a2200000 04500
001 47495
003
040
100 |a Antonellim, Mirtha Alejandra  
245 |a Minería transnacional y dispositivos de intervención en la cultura. La gestión del paradigma hegemónico de la "minería responsable el desarrollo sustentable" /  |c Mirta Alejandra Antonelli  
260 |a Buenos Aires:   |b Biblos  
773 |g páginas 51-101  
999 |c 27365  |d 27365